An introduction to the Ḥadīth / (Record no. 542232)

000 -LEADER
fixed length control field 00516nam a2200169 a 4500
020 ## - INTERNATIONAL STANDARD BOOK NUMBER
International Standard Book Number 0748603506 (hard)
020 ## - INTERNATIONAL STANDARD BOOK NUMBER
International Standard Book Number 0748604359 (pbk.)
082 00 - DEWEY DECIMAL CLASSIFICATION NUMBER
Classification number 297.124
Author Mark BUR
-- N01,P,46
100 1# - MAIN ENTRY--PERSONAL NAME
Personal name Burton, John,
9 (RLIN) 37347
245 13 - TITLE STATEMENT
Title An introduction to the Ḥadīth /
Statement of responsibility, etc. John Burton.
260 ## - PUBLICATION, DISTRIBUTION, ETC.
Place of publication, distribution, etc. Edinburgh :
Name of publisher, distributor, etc. Edinburgh University Press,
Date of publication, distribution, etc. c1994.
300 ## - PHYSICAL DESCRIPTION
Extent xxvi, 210 p. ;
Dimensions 22 cm.
526 ## - STUDY PROGRAM INFORMATION NOTE
Program name 0
Interest level 0
Reading level 0
Title point value 297_124000000000000_BUR
650 #0 - SUBJECT ADDED ENTRY--TOPICAL TERM
Topical term or geographic name entry element Hadith
General subdivision Introductions.
9 (RLIN) 37348
650 #0 - SUBJECT ADDED ENTRY--TOPICAL TERM
Topical term or geographic name entry element NUST
9 (RLIN) 6342
942 ## - ADDED ENTRY ELEMENTS (KOHA)
Source of classification or shelving scheme
Koha item type Book
Holdings
Withdrawn status Lost status Source of classification or shelving scheme Damaged status Not for loan Permanent Location Current Location Date acquired Total Checkouts Full call number Barcode Date last seen Price effective from Koha item type
          Military College of Engineering (MCE) Military College of Engineering (MCE) 09/26/2013   297.124 BUR MCE-44563 09/26/2013 09/26/2013 Book
© 2023 Central Library, National University of Sciences and Technology. All Rights Reserved.